000 00618nam a2200193 4500
001 140580
003 ES-MaACL
005 20230906200116.0
007 t|
008 070214s1977 sp r ||||1| spa d
100 1 _aSebastián Franco, José Luis.
_9105014
245 1 0 _aEstabilidad de osciladores no sinusosoidales en el rango de microondas /
_cJosé Luis Sebastián Franco.
260 _aMadrid :
_bFundación Juan March,
_c1977.
300 _a50 p. :
_bil. ;
_c21 cm.
490 1 _aSerie universitaria
830 0 _aSerie universitaria
_9180747
852 _aES-MaACL
_jA-7143
_bR.96210
999 _c140580
_d140580